000 00664nam a2200181 i 4500
001 59584
003 ES-MaACL
005 20230906164047.0
007 t|
008 031029s1967 sp d ||||1| spa d
245 0 0 _aElsevier diccionario de metalurgia :
_ben seis idiomas : inglés-americano, francés, español, italiano, holandés y alemán /
_ccompilado por orden alfabético de la parte inglesa por W.E. Clason.
260 _aBilbao :
_bLibros Técnicos Urmo,
_c1967.
300 _a634 p. ;
_c23 cm.
596 _aImp. en Holanda
650 4 _aMetalurgia-
_vDiccionarios políglotas.
_9170683
700 1 _aClason, W. E.
_939073
852 4 _aES-MaACL
_jC-34361
999 _c59584
_d59584